Responses for Show #7269 - Thursday, March 31, 2016

Contestants

[<< previous game]

Laura Mogul, an executive director from Port Washington, New York

Fariha Ali, an attorney from Wellesley, Massachusetts

Todd Giese, a hotel front desk manager from New Orleans, Louisiana (whose 2-day cash winnings total $52,402)

[next game >>]

Jeopardy! Round responses

FIRST NAMES
HYDROLOGY
COUNTRY RHYME TIME
MIDDLE S
(Alex: Each correct response will have have an "S" exactly in the middle.)
NATIONAL STATUARY HALL
THE COLLEGE/ATHLETE
    $200 5
Luigi

Todd
    $200 16
runoff

Todd
    $200 1
a Japan clan

Laura
    $200 21
nasal

Fariha
    $200 11
air conditioning

Todd
    $200 26
(Fariha: What is UCLA?)

Stanford

FarihaLaura
    $400 6
Isabella

Fariha
    $400 17
aqueduct

Todd
    $400 2
a Peru shoe

Laura
    $400 22
ash

Todd
    $400 12
(Todd: What is Washington?)

Oregon

ToddLaura
    $400 27
the University of Michigan

Laura
    $600 7
Jason

Todd
    $600 18
(Todd: What is filtration?)

percolation

Todd
Triple Stumper
    $600 3
a Chad dad

Todd
    $600 23
unsportsmanlike

Laura
    $1,400 13
Huey Long

Laura
    $600 28
Notre Dame

Laura
    $800 8
(Fariha: What is Joseph?)

Benjamin

FarihaLaura
    $800 19
a water treatment facility

Laura
    $800 4
a Greece lease

Fariha
    $800 24
disco

Laura
    $800 14
Father Damien and King Kamehameha

Triple Stumper
    $800 29
Duke

Fariha
    $1000 9
Renée

Laura
    $1000 20
the Continental Divide

Todd
    $1000 10
a Ukraine refrain

Fariha
    $1000 25
subsidy

Triple Stumper
    $1000 15
(Father Junipero) Serra

Laura
    $1000 30
USC

Fariha

Scores at the first commercial break (after clue 15):

Todd Fariha Laura
$1,200 $1,400 $5,200

Scores at the end of the Jeopardy! Round:

Todd Fariha Laura
$2,600 $3,200 $8,600

Double Jeopardy! Round responses

I LOVE A SYMPHONY
PUP QUIZ
THE WINE CELLAR
ODD WORDS
VICTOR
HUGO AWARD-WINNING NOVELS
    $400 24
"Frère Jacques"

Laura
    $400 1
Scooby-Doo

Fariha
    $400 13
Zinfandel

Todd
    $400 7
(Laura: What is 1936?)
...
(Alex: It's an 800-year period, so the correct response is [*].)

1216

Laura
Triple Stumper
    $400 2
Julius Caesar

Fariha
    $400 9
Harry Potter and the Goblet of Fire

Fariha
    $800 25
Beethoven

Laura
    $800 16
Pluto

Fariha
    $800 17
a sommelier

Fariha
    $800 8
blood

Fariha
    $800 3
Tudor or Lancaster

Fariha
    $800 10
Robert Heinlein

Triple Stumper
    $2,000 26
(Laura: What is "The New World Symphony"?)

"From the New World"

Laura
    $1200 21
Rin Tin Tin

Todd
    $1200 18
sulfites

Todd
    $1200 12
bark

Fariha
    $1200 4
David

Triple Stumper
    $1200 11
an asteroid

Todd
    $1600 27
(Todd: Who is Job?)

Jeremiah

Todd
Triple Stumper
    $1600 22
(Laura: Who is Asterix?)

Tintin

Laura
Triple Stumper
    $1600 19
fortified

Todd
    $1600 14
(Todd: What is a shoe?)

a mustache

ToddLaura
    $1600 5
the Potomac

Laura
    $1600 29
Orson Scott Card

Fariha
    $2000 28
"The Scottish Symphony"

Laura
    $2000 23
Marmaduke

Triple Stumper
    $2,000 20
Bordeaux

Todd
    $2000 15
the Boer War

Todd
    $2000 6
Sparta

Todd
    $2000 30
The Wanderer

Triple Stumper

Scores at the end of the Double Jeopardy! Round:

Todd Fariha Laura
$11,000 $10,400 $11,000

[wagering suggestions for these scores]

Final Jeopardy! Round responses

THE OSCARS
FarihaWho Meryl Streep?
$9,798
LauraWho is Katherine Hepburn?
$11,000
ToddWho is Judi Dench?
$11,000
Dame Judi Dench

Final scores:

Todd Fariha Laura
$22,000 $602 $0
3-day champion: $74,402 2nd place: $2,000 3rd place: $1,000

Game dynamics:

Coryat scores:

Todd Fariha Laura
$11,000 $10,400 $12,200
16 R
(including 1 DD),
4 W
15 R,
2 W
18 R
(including 1 DD),
3 W
(including 1 DD)

Combined Coryat: $33,600

[game clues] [game scores] [suggest correction]

Game tape date: 2016-02-03
The J! Archive is created by fans, for fans. Scraping, republication, monetization, and malicious use prohibited; this site may use cookies and collect identifying information. See terms. The Jeopardy! game show and all elements thereof, including but not limited to copyright and trademark thereto, are the property of Jeopardy Productions, Inc. and are protected under law. This website is not affiliated with, sponsored by, or operated by Jeopardy Productions, Inc. Join the discussion at JBoard.tv.